| 000 | 00988nam a22002177a 4500 | ||
|---|---|---|---|
| 005 | 20120313113843.0 | ||
| 010 | _aB-456392 | ||
| 020 |
_a9780521700528 _c395.00 |
||
| 035 | _aB-456392 | ||
| 037 | _bAllioed Pub./ Ven | ||
| 082 | _a488.24076 | ||
| 100 |
_aBlack, Michael _944486 |
||
| 245 |
_aObjective IELTS : _bintermediate self-study student's book / _cby Michael Black [and] Wendy Sharp. |
||
| 246 | _aCambridge objective IELTS | ||
| 260 |
_aCambridge _bCambridge University Press _c2006 |
||
| 300 |
_a208p. _bill. _c28 cm. (pbk) + _e1 CD-ROM |
||
| 700 |
_aSharp, Wendy _943753 |
||
| 942 |
_2ddc _cEN _h488.24076 _mBLA |
||
| 999 |
_c64002 _d64002 |
||